| 000 | 00590nam a22001817a 4500 | ||
|---|---|---|---|
| 999 |
_c186307 _d186307 |
||
| 005 | 20220222125715.0 | ||
| 010 | _aENG-131740 | ||
| 020 |
_a9789386720238 _c699.00 |
||
| 035 | _aEN-115272 | ||
| 037 | _bDBAD | ||
| 082 | _a954 | ||
| 245 |
_aIAS Mains History/ _cEdited by Gayatri Kumari |
||
| 260 |
_aUttar Pradesh _bRathore Publishers & Distributors _c2019 |
||
| 270 |
_aBasement, 260, Shaktihand-III, Indirapuram, Ghaziabad _bUttar Pradesh _e201010 _mrathorepublishers@gmail.com |
||
| 300 |
_avp. _c25cm(hbk) |
||
| 700 | _aKumari, Gayatri | ||
| 942 |
_2ddc _cEN _h954 _mIAS |
||